Configuração eletrônica e ligações (Record no. 142469)

MARC details
000 -LÍDER
campo de controle de tamanho fixo 00936 a2200181 4500
001 - NÚMERO DE CONTROLE
campo de controle 142469
040 ## - FONTE DA CATALOGAÇÃO
Instituição que transcreveu o registro Leonardo Da Vinci
041 ## - CÓDIGO DE IDIOMA
Código do idioma do texto/trilha sonora ou título diferente Português
082 ## - CDD - CLASSIFICAÇÃO DECIMAL DE DEWEY
Número de Classificação v211
100 ## - ENTRADA PRINCIPAL--NOME PESSOAL
Nome pessoal EDUCACIONAL SHOP VIDEO
245 ## - TÍTULO
Título Configuração eletrônica e ligações
Restante do título a posição do elétron
250 ## - EDIÇÃO
Edição v.1-2
260 ## - PUBLICAÇÃO, DISTRIBUIÇÃO, ETC.
Nome do editor, distribuidor, etc. ESV
Local de publicação, distribuição, etc. São Paulo
490 ## - TÍTULO DA SÉRIE
Título da série TV Ontario
520 ## - NOTA DE RESUMO, ETC
Resumo, etc. Os alunos vão aprender a importância do elétron para os compostos<br/>químicos. Explora o desenvolvimento do modelo atômico por cientistas<br/>como Niels Bohr e Ernest Rutherford. Ilustra-se vários aspectos, tais<br/>como as órbitas, cargas, massa relativa, ligação e configuração<br/>eletrônica
697 ## - ENTRADA DE ASSUNTO LOCAL--ENTIDADE COLETIVA (RLIN)
Nome corporativo ou nome da jurisdição Química
-- Composto Químico
-- Modelo Atômico
-- Apresentação dos jogadores
-- O Átomo de Rutherford-Bohr
-- Configuração Eletrônica
-- Como os átomos se ligam
-- Substâncias moleculares e cristais covalentes
-- Metais e sólidos iônicos
942 ## - ELEMENTOS DE ENTRADA ADICIONADOS (KOHA)
Tipo de material Koha Materiais visuais
Holdings
Situação do descarte Situação das perdas Situação física Não pode ser emprestado Biblioteca de origem Biblioteca atual Data de aquisição Total de empréstimos Número de chamada completo Código de barras Data de último acesso Data do preço efetivo Tipo de material Koha
        Leonardo Da Vinci - Alphaville 1 Leonardo Da Vinci - Alphaville 1 27/03/2024   v211 A0226LVA 27/03/2024 27/03/2024 Materiais visuais